Countries With Most Coral - Statistics

General Stats
  • This quiz has been taken 461 times
  • The average score is 7 of 10
Answer Stats
km² Country % Correct
48,960 Australia
100%
51,020 Indonesia
94%
25,060 Philippines
84%
13,840 Papua New Guinea
79%
5,790 India
77%
10,020 Fiji
65%
6,120 Marshall Islands
47%
8,920 Maldives
46%
14,280 France
41%
6,660 Saudi Arabia
25%
No matching quizzes found
Score Distribution
Percent of People with Each Score
Percentile by Number Answered
Your Score History
You have not taken this quiz